Сикевича В.

Доступно только в Электронных читальных залах Найти на картеНа карте
RUSMARC
00003706nac2a22002771x 450
0015aa70bbe-fe23-48ad-ad85-731c196ddf5a
00520140110044423.0
100##$a20130529l1900 k y0rusy50 ca
1010#$arus
102##$aRU
105##$ay z |||||
1220#$ad19000928
2001#$aСикевича В.
$j28 сентября 1900
215##$a2 листа
251##$cДело
300##$aЗаголовок дела на папке: Письма Сикевича В. Кони А. Ф.
300##$aТекст рукописный
330##$aПереписка А. Ф. Кони; Письма к А. Ф. Кони
461#0$10013a54f2e3-e9cf-409b-80fa-f0a9bd3c40cb
$12001
$aКони Анатолий Федорович, юрист, литератор, член академии наук, председатель Санкт-Петербургского окружного суда, член государственного совета
$1251
$cФонд
$1852
$j564
462#0$100178a475cd-a47d-4377-bff3-cee4b81de655
$12001
$aОпись дел фонда А. Ф. Кони за 1880-1931 гг.
$1251
$cОпись
$1852
$j1
517##$aПисьма Сикевича В. Кони А. Ф.
600#1$aКони
$bА. Ф.
$f1844-1927
$gАнатолий Федорович
600#1$aСикевич
$bВ.
801#0$aRU
$bGA_RF
801#1$aRU
$bНПО Опыт
$c20130529
$2rusmarc
801#2$aRU
$bПБ им. Б.Н. Ельцина
$c20140110
$gRCR
$2rusmarc
852##$aГА РФ
$j3178
937##$d42664796
$hПБ
035##$aRuPRLIB51004452
Формат отображения